LIBRARY & INFORMATION CENTRE, KCAET, TAVANUR

ONLINE PUBLIC ACCESS CATALOGUE (OPAC)

Eezhaam Maadangal (Record no. 18155)

MARC details
000 -LEADER
fixed length control field 00227nam a22001097a 4500
003 - CONTROL NUMBER IDENTIFIER
control field OSt
008 - FIXED-LENGTH DATA ELEMENTS--GENERAL INFORMATION
fixed length control field 241202b |||||||| |||| 00| 0 eng d
041 ## - LANGUAGE CODE
Language code of text/sound track or separate title eng
100 ## - MAIN ENTRY--AUTHOR NAME
Personal name Kovilan
245 ## - TITLE STATEMENT
Title Eezhaam Maadangal
942 ## - ADDED ENTRY ELEMENTS (KOHA)
Koha item type Books
Holdings
Withdrawn status Lost status Damaged status Home library Current library Date acquired Accession Number Koha item type Public note
Withdrawn     KAUAET KAUAET 02/12/2024 8611 Books Withdrawn as per order noA3-1008/2002 dated 25/04/2018
free website counter